Library Logo

Pioneer International University Library Catalogue

HISTORIC CHURCHES OF THE SOUTH (Record no. 9729)

MARC details
000 -LEADER
fixed length control field 00396nam a22001337a 4500
003 - CONTROL NUMBER IDENTIFIER
control field OSt
005 - DATE AND TIME OF LATEST TRANSACTION
control field 20251029130147.0
008 - FIXED-LENGTH DATA ELEMENTS--GENERAL INFORMATION
fixed length control field 251029b |||||||| |||| 00| 0 eng d
040 ## - CATALOGING SOURCE
Transcribing agency TUPPER &L LOVE, INC., ATLANTA
050 ## - LIBRARY OF CONGRESS CALL NUMBER
Classification number BX 4807 .S65 1952
245 ## - TITLE STATEMENT
Title HISTORIC CHURCHES OF THE SOUTH
Statement of responsibility, etc. SMITH MARY LORRAINE
260 ## - PUBLICATION, DISTRIBUTION, ETC.
Place of publication, distribution, etc. ATLANTA, GEORGIA
Name of publisher, distributor, etc. TUPPER & LOVE, INC., ATLANTA
Date of publication, distribution, etc. 1952
942 ## - ADDED ENTRY ELEMENTS (KOHA)
Source of classification or shelving scheme Library of Congress Classification
Koha item type Books
Suppress in OPAC No
Holdings
Withdrawn status Lost status Source of classification or shelving scheme Damaged status Not for loan Home library Current library Date acquired Total checkouts Barcode Date last seen Price effective from Koha item type
    Library of Congress Classification     PIU Library PIU Library 10/30/2025   PIUDMUR740 10/30/2025 10/30/2025 Books